[Event "GER Cup Net Final-A U2400"]
[Site "Playchess.com INT"]
[Date "2020.06.06"]
[Round "12"]
[White "Dargel, Manuel"]
[Black "Lantzsch, Christian"]
[Result "1/2-1/2"]
[WhiteElo "1926"]
[BlackElo "2055"]
[PlyCount "194"]
[EventDate "2020.06.06"]
[EventType "swiss (blitz)"]
[EventRounds "13"]
[EventCountry "GER"]
[SourceTitle "CBM 197 Extra"]
[Source "ChessBase"]
[SourceDate "2020.09.30"]
[SourceVersion "1"]
[SourceVersionDate "2020.09.30"]
[SourceQuality "1"]

1. c4 c6 2. d4 d5 3. Nc3 dxc4 4. a4 a6 5. a5 Nf6 6. Nf3 Bf5 7. h3 e6 8. Bg5 Bb4 9. e3 h6 10. Bxf6 gxf6 11. Bxc4 Bxa5 12. 0-0 Bc7 13. e4 Bg6 14. Qe2 Nd7 15. Rfd1 b5 16. Bb3 c5 17. d5 c4 18. dxe6 fxe6 19. Bc2 Bf7 20. e5 f5 21. Qd2 Nb6 22. Qe2 Qe7 23. b3 0-0 24. bxc4 Nxc4 25. Bb3 Bh5 26. Bxc4 bxc4 27. Ra4 Rad8 28. Rxc4 Rxd1+ 29. Qxd1 Bxe5 30. Qe2 Bf6 31. Rc6 e5 32. Nd5 Qg7 33. Qc4 Kh8 34. Nxf6 Rxf6 35. Rxf6 Qxf6 36. Qc8+ Kg7 37. Qc7+ Kf8 38. Nxe5 Be8 39. f4 a5 40. Qxa5 Qd6 41. Kh2 Qd4 42. Kg3 Qe3+ 43. Nf3 Qe7 44. Qxf5+ Kg7 45. Qg4+ Kh8 46. Ne5 h5 47. Qg5 Qa3+ 48. Kh4 Qa6 49. Qe7 Qa4 50. Nf7+ Kg7 51. Ng5+ Kg6 52. g4 hxg4 53. Qe6+ Kg7 54. Qe5+ Kf8 55. Qf6+ Kg8 56. Qe6+ Kg7 57. Qe7+ Kg8 58. Ne6 Qd7 59. Qf8+ Kh7 60. Qf5+ Bg6 61. hxg4 Bxf5 62. gxf5 Qe7+ 63. Kg4 Qf6 64. Ng5+ Kg7 65. Ne6+ Kf7 66. Ng5+ Ke8 67. Ne6 Ke7 68. Ng5 Kd6 69. Ne4+ Ke7 70. Nxf6 Kxf6 71. Kf3 Kxf5 72. Ke3 Kf6 73. Ke4 Ke6 74. f5+ Kf6 75. Kf4 Kf7 76. Kg4 Kf6 77. Kf4 Kf7 78. Ke5 Ke7 79. Kf4 Kf6 80. Kg4 Kf7 81. Kg5 Kg7 82. f6+ Kf7 83. Kf5 Kf8 84. Kf4 Kf7 85. Kg5 Kf8 86. Kg6 Kg8 87. Kh6 Kf7 88. Kg5 Kf8 89. Kf5 Kf7 90. Ke5 Kf8 91. Ke6 Ke8 92. Kf5 Kf7 93. Ke5 Kf8 94. Ke6 Ke8 95. f7+ Kf8 96. Ke5 Ke7 97. Kf5 Kxf7 1/2-1/2

[Event "GER Cup Net Final-A U2400"]
[Site "Playchess.com INT"]
[Date "2020.06.06"]
[Round "11"]
[White "Dargel, Manuel"]
[Black "Leibbrand, Udo Manfred"]
[Result "0-1"]
[WhiteElo "1926"]
[BlackElo "2005"]
[PlyCount "142"]
[EventDate "2020.06.06"]
[EventType "swiss (blitz)"]
[EventRounds "13"]
[EventCountry "GER"]
[SourceTitle "CBM 197 Extra"]
[Source "ChessBase"]
[SourceDate "2020.09.30"]
[SourceVersion "1"]
[SourceVersionDate "2020.09.30"]
[SourceQuality "1"]

1. c4 e6 2. Nc3 Nf6 3. g3 d5 4. cxd5 exd5 5. Bg2 c6 6. d4 Be7 7. Nf3 0-0 8. 0-0 Re8 9. Ne5 Nbd7 10. Rb1 Nxe5 11. dxe5 Ng4 12. Bf4 Bc5 13. Na4 Bf8 14. Qd4 b5 15. Nc5 Qb6 16. b4 a5 17. a3 f6 18. exf6 Nxf6 19. Rfd1 axb4 20. axb4 Nd7 21. Nb3 Bb7 22. e4 Qxd4 23. Rxd4 Nb6 24. Nc5 Bxc5 25. bxc5 Nc4 26. exd5 cxd5 27. Rxd5 Bc6 28. Rg5 h6 29. Bxc6 hxg5 30. Bxg5 Na3 31. Rd1 b4 32. Bc1 Nc2 33. Kg2 Rac8 34. Bd5+ Kh7 35. c6 b3 36. Bb2 Re2 37. Kf1 Re7 38. Rd3 Re1+ 39. Kg2 Rb1 40. Be5 Ne1+ 41. Kh3 Nxd3 42. Be4+ Kg8 43. Bxd3 Rd1 44. Be4 Rdd8 45. Bf3 Re8 46. Bf4 Kh8 47. c7 b2 48. Bg4 b1Q 49. Bxc8 Rxc8 50. Kg2 Qe4+ 51. Kh3 Qe6+ 52. Kg2 Rxc7 53. Bxc7 Qc6+ 54. Kh3 Qxc7 55. f4 Qd7+ 56. Kh4 Kh7 57. g4 g6 58. h3 Kg7 59. Kg3 Kf6 60. Kh4 g5+ 61. fxg5+ Kg6 62. Kg3 Kxg5 63. h4+ Kg6 64. g5 Qd4 65. h5+ Kxg5 66. Kh3 Kxh5 67. Kg3 Qe3+ 68. Kh2 Kg4 69. Kg2 Qe2+ 70. Kg1 Kg3 71. Kh1 Qe1# 0-1

[Event "GER Cup Net Final-A U2400"]
[Site "Playchess.com INT"]
[Date "2020.06.06"]
[Round "4"]
[White "Loehr, Markus"]
[Black "Dargel, Manuel"]
[Result "1-0"]
[WhiteElo "2078"]
[BlackElo "1926"]
[PlyCount "65"]
[EventDate "2020.06.06"]
[EventType "swiss (blitz)"]
[EventRounds "13"]
[EventCountry "GER"]
[SourceTitle "CBM 197 Extra"]
[Source "ChessBase"]
[SourceDate "2020.09.30"]
[SourceVersion "1"]
[SourceVersionDate "2020.09.30"]
[SourceQuality "1"]

1. d4 d5 2. Nf3 Nf6 3. c4 e6 4. g3 c5 5. Bg2 Nc6 6. 0-0 Be7 7. dxc5 Bxc5 8. a3 a5 9. Nbd2 0-0 10. b3 Re8 11. Bb2 d4 12. Ng5 h6 13. Nge4 Qe7 14. Nxf6+ Qxf6 15. Ne4 Qe7 16. Nxc5 Qxc5 17. Bxc6 Qxc6 18. Qxd4 e5 19. Qd5 Qb6 20. c5 Qf6 21. f4 Bh3 22. Bxe5 Qg6 23. Rfe1 Rad8 24. Qf3 Rd2 25. Rad1 Qc2 26. Rxd2 Qxd2 27. Rb1 Qc2 28. Qd3 Qa2 29. Ra1 Bf5 30. Rxa2 Bxd3 31. exd3 f6 32. Bd6 Re3 33. Rd2 1-0

[Event "GER Cup Net V4 U2400"]
[Site "Playchess.com INT"]
[Date "2020.05.31"]
[Round "2"]
[White "Jahnz, Fabian"]
[Black "Dargel, Manuel"]
[Result "1-0"]
[WhiteElo "2125"]
[BlackElo "1856"]
[PlyCount "97"]
[EventDate "2020.05.31"]
[EventType "swiss (blitz)"]
[EventRounds "9"]
[EventCountry "GER"]
[SourceTitle "EXT 2021"]
[Source "ChessBase"]
[SourceDate "2020.10.23"]
[SourceVersion "1"]
[SourceVersionDate "2020.10.23"]
[SourceQuality "1"]

1. e4 c5 2. Nf3 e6 3. b3 Nc6 4. Bb2 b6 5. d4 cxd4 6. Nxd4 a6 7. Nxc6 dxc6 8. Qxd8+ Kxd8 9. Be2 Bb7 10. 0-0 f6 11. e5 Kc7 12. Rd1 f5 13. Bc4 Re8 14. a3 h5 15. Nd2 g5 16. Nf3 g4 17. Ng5 Rh6 18. Nf7 Rg6 19. Nd6 Bxd6 20. Rxd6 b5 21. Bf1 c5 22. Rad1 Rg7 23. Bc3 Bc6 24. Ba5+ Kb7 25. c4 Nh6 26. cxb5 axb5 27. a4 bxa4 28. bxa4 Be4 29. Bb5 Ra8 30. Rd7+ Rxd7 31. Rxd7+ Kc8 32. Bc7 c4 33. Bd6 Bd5 34. Rh7 Ng8 35. Kf1 c3 36. Rc7+ Kd8 37. Rxc3 Rc8 38. Rxc8+ Kxc8 39. g3 Nh6 40. a5 Nf7 41. Ke2 Nd8 42. a6 Nf7 43. Be8 Nxd6 44. exd6 Kd8 45. Bxh5 Kd7 46. f3 gxf3+ 47. Bxf3 Bxf3+ 48. Kxf3 Kxd6 49. h4 1-0

[Event "GER Cup Net V4 U2400"]
[Site "Playchess.com INT"]
[Date "2020.05.31"]
[Round "5"]
[White "Peng, Xiang Tobias"]
[Black "Dargel, Manuel"]
[Result "1/2-1/2"]
[WhiteElo "2059"]
[BlackElo "1901"]
[PlyCount "121"]
[EventDate "2020.05.31"]
[EventType "swiss (blitz)"]
[EventRounds "9"]
[EventCountry "GER"]
[SourceTitle "EXT 2021"]
[Source "ChessBase"]
[SourceDate "2020.10.23"]
[SourceVersion "1"]
[SourceVersionDate "2020.10.23"]
[SourceQuality "1"]

1. e4 c5 2. Nf3 e6 3. d4 cxd4 4. Nxd4 Nc6 5. Nc3 Qc7 6. Be3 a6 7. Be2 Nf6 8. 0-0 Bb4 9. Nxc6 dxc6 10. Bd4 e5 11. Be3 h6 12. Bc4 b5 13. Bb3 a5 14. a3 Be7 15. f4 Ng4 16. Qf3 Nxe3 17. Qxe3 exf4 18. Qxf4 Qxf4 19. Rxf4 0-0 20. Raf1 Bc5+ 21. Kh1 Ra7 22. e5 b4 23. axb4 axb4 24. Ne4 Be3 25. R4f3 Bd4 26. e6 Bxb2 27. Rxf7 Rfxf7 28. exf7+ Kf8 29. Rd1 Rd7 30. Rxd7 Bxd7 31. Nc5 Bf5 32. h3 h5 33. Na6 Bc3 34. Kg1 Bc8 35. Nb8 c5 36. Kf2 Bf5 37. Ke3 g5 38. Nc6 Bf6 39. Kd2 Be4 40. Nb8 Bf5 41. Bd5 Be7 42. c3 bxc3+ 43. Kxc3 Kg7 44. Kc4 g4 45. hxg4 hxg4 46. Nc6 Bd6 47. Nd8 Kf8 48. Nb7 Be7 49. Nxc5 Kg7 50. Nd3 Bxd3+ 51. Kxd3 g3 52. Ke4 Bd6 53. Kf5 Kf8 54. Kf6 Bb8 55. Be6 Bc7 56. Kg6 Bb8 57. Bf5 Bc7 58. Be6 Bb8 59. Bb3 Bc7 60. Kf6 Bb8 61. Ke6 1/2-1/2

[Event "GER Cup Net V2 U2400"]
[Site "Playchess.com INT"]
[Date "2020.05.22"]
[Round "2"]
[White "Dahl, Christoph"]
[Black "Dargel, Manuel"]
[Result "1-0"]
[WhiteElo "2158"]
[BlackElo "1877"]
[PlyCount "77"]
[EventDate "2020.05.22"]
[EventType "swiss (blitz)"]
[EventRounds "9"]
[EventCountry "GER"]
[SourceTitle "EXT 2021"]
[Source "ChessBase"]
[SourceDate "2020.10.23"]
[SourceVersion "1"]
[SourceVersionDate "2020.10.23"]
[SourceQuality "1"]

1. e4 c5 2. Nf3 e6 3. d4 cxd4 4. Nxd4 Nc6 5. Nc3 Qc7 6. Be3 a6 7. Qf3 Nf6 8. 0-0-0 b5 9. e5 Ng8 10. Bd3 Bb7 11. Nxc6 Bxc6 12. Be4 Rc8 13. Bxc6 Qxc6 14. Qxc6 Rxc6 15. Ne4 f5 16. exf6 Nxf6 17. Nxf6+ gxf6 18. Rd3 d5 19. Re1 Kf7 20. Bd4 Be7 21. Rf3 Rhc8 22. c3 f5 23. g4 Bg5+ 24. Kb1 f4 25. h4 Bxh4 26. Rxf4+ Kg8 27. g5 Bxg5 28. Rg4 h6 29. f4 Rf8 30. fxg5 h5 31. Rh4 b4 32. Rxh5 bxc3 33. Rh8+ Kf7 34. Rf1+ Kg6 35. Rh6+ Kxg5 36. Be3+ Kg4 37. Rg6+ Kh5 38. Rg5+ Kh4 39. Rh1# 1-0

[Event "GER Cup Net V2 U2400"]
[Site "Playchess.com INT"]
[Date "2020.05.22"]
[Round "6"]
[White "Dargel, Manuel"]
[Black "Kopylov, Daniel"]
[Result "0-1"]
[WhiteElo "1877"]
[BlackElo "1985"]
[PlyCount "132"]
[EventDate "2020.05.22"]
[EventType "swiss (blitz)"]
[EventRounds "9"]
[EventCountry "GER"]
[SourceTitle "EXT 2021"]
[Source "ChessBase"]
[SourceDate "2020.10.23"]
[SourceVersion "1"]
[SourceVersionDate "2020.10.23"]
[SourceQuality "1"]

1. c4 g6 2. Nc3 c5 3. g3 Bg7 4. Bg2 Nc6 5. d3 e6 6. Bd2 Nge7 7. Qc1 0-0 8. Bh6 Rb8 9. h4 Bxh6 10. Qxh6 Nf5 11. Qd2 h5 12. Nf3 Ncd4 13. 0-0 b6 14. e4 Nxf3+ 15. Bxf3 Nd4 16. Bg2 d6 17. f4 e5 18. Ne2 Nxe2+ 19. Qxe2 Bg4 20. Qe3 Kg7 21. Rf2 b5 22. b3 f6 23. Raf1 Qa5 24. Kh2 Qc3 25. Rc1 Qd4 26. Re1 Qxe3 27. Rxe3 b4 28. Bh3 a5 29. f5 gxf5 30. exf5 Bxh3 31. Kxh3 a4 32. Re4 Kh6 33. Rg2 Rg8 34. g4 Ra8 35. d4 cxd4 36. c5 dxc5 37. g5+ fxg5 38. hxg5+ Rxg5 39. Rxg5 Kxg5 40. Rxe5 axb3 41. axb3 Ra3 42. Rxc5 Rxb3+ 43. Kg2 Rc3 44. Rb5 b3 45. Kf2 Kf4 46. f6 Rc2+ 47. Ke1 d3 48. Rxb3 Ke3 49. Kd1 Rf2 50. Kc1 Rxf6 51. Rb5 Rf1+ 52. Kb2 Rf2+ 53. Kc1 Rf1+ 54. Kb2 Rh1 55. Re5+ Kd2 56. Rg5 Rh2 57. Rd5 h4 58. Kb3 Ke3 59. Re5+ Kd4 60. Re1 h3 61. Re7 Re2 62. Rd7+ Ke3 63. Re7+ Kd2 64. Rh7 h2 65. Rh3 Ke1 66. Kc3 d2 0-1

[Event "GER Cup Net V1 U2400"]
[Site "Playchess.com INT"]
[Date "2020.05.19"]
[Round "7"]
[White "Dargel, Manuel"]
[Black "De Reuter, Uwe"]
[Result "0-1"]
[WhiteElo "1856"]
[BlackElo "1874"]
[PlyCount "134"]
[EventDate "2020.05.19"]
[EventType "swiss (blitz)"]
[EventRounds "9"]
[EventCountry "GER"]
[SourceTitle "EXT 2021"]
[Source "ChessBase"]
[SourceDate "2020.10.23"]
[SourceVersion "1"]
[SourceVersionDate "2020.10.23"]
[SourceQuality "1"]

1. c4 Nf6 2. Nc3 c6 3. d4 d5 4. Nf3 g6 5. h3 Bg7 6. b3 0-0 7. Bb2 dxc4 8. bxc4 Qa5 9. Qd2 c5 10. Nb5 Qxd2+ 11. Nxd2 Na6 12. d5 Bd7 13. e4 Bxb5 14. cxb5 Nc7 15. 0-0-0 b6 16. g4 Rfd8 17. Bc4 Rac8 18. f3 e6 19. dxe6 Nxe6 20. Nb3 Rxd1+ 21. Rxd1 Rd8 22. h4 Rxd1+ 23. Kxd1 Nc7 24. Nd2 Nd7 25. Bxg7 Kxg7 26. f4 h5 27. g5 Nf8 28. f5 f6 29. Ke2 Nh7 30. gxf6+ Kxf6 31. fxg6 Kxg6 32. Kf3 Nf6 33. Kf4 Nfe8 34. e5 Ng7 35. Ke4 Nge6 36. Nf3 Ng7 37. Ng5 Nf5 38. Bd3 Nxh4 39. Kf4+ Kg7 40. Be4 Ng6+ 41. Kf5 Ne7+ 42. Kf4 Nxb5 43. Ne6+ Kf7 44. Nd8+ Ke8 45. Nb7 Nd4 46. Nd6+ Kd7 47. Bg2 Ne6+ 48. Ke4 Nc6 49. Bh3 Ke7 50. Kd5 Ncd8 51. Nc8+ Kf7 52. Nxa7 Nf4+ 53. Kd6 Nxh3 54. Nc8 Nf4 55. Nxb6 h4 56. Nc4 h3 57. e6+ Ndxe6 58. Ne5+ Kf6 59. Ng4+ Kg5 60. Nh2 c4 61. a4 c3 62. Nf3+ Kg4 63. Ne5+ Kg3 64. Nc4 h2 65. Ne3 h1Q 66. a5 Qa8 67. Nf5+ Kf2 0-1

[Event "Ruhrgebiet Verbandsliga Gruppe 1 1819"]
[Site "Nordrheinwestfalen"]
[Date "2019.05.05"]
[Round "9.3"]
[White "Dargel, Manuel"]
[Black "Broszeit, Peter"]
[Result "1-0"]
[WhiteElo "2119"]
[BlackElo "1913"]
[PlyCount "57"]
[EventDate "2018.09.23"]
[EventType "team-tourn"]
[EventRounds "9"]
[EventCountry "GER"]
[SourceTitle "EXT 2022"]
[Source "ChessBase"]
[SourceDate "2021.10.06"]
[SourceVersion "1"]
[SourceVersionDate "2021.10.06"]
[SourceQuality "1"]
[WhiteTeam "Hamm Koenigsspringer"]
[BlackTeam "Erkenschwick II"]
[WhiteTeamCountry "GER"]
[BlackTeamCountry "GER"]

1. c4 e6 2. Nc3 d5 3. cxd5 exd5 4. d4 c5 5. Nf3 Nc6 6. g3 c4 7. Bg2 Bb4 8. 0-0 Nge7 9. Bf4 0-0 10. Rc1 Bf5 11. a3 Bd6 12. Ne5 Be6 13. Re1 f6 14. Nxc6 bxc6 15. Bxd6 Qxd6 16. Na4 Rab8 17. Qd2 Nc8 18. Nc5 Nb6 19. Rc3 Nd7 20. Nxe6 Qxe6 21. e4 Qd6 22. exd5 cxd5 23. Rce3 Nb6 24. Re6 Qd7 25. Re7 Qd8 26. Qa5 Rf7 27. Qxa7 Ra8 28. Qb7 Rb8 29. Rxf7 1-0

[Event "Ruhrgebiet Verbandsliga Gruppe 1 1819"]
[Site "Nordrheinwestfalen"]
[Date "2019.02.03"]
[Round "6.3"]
[White "Schriewer, Thomas"]
[Black "Dargel, Manuel"]
[Result "0-1"]
[WhiteElo "1907"]
[BlackElo "2119"]
[PlyCount "118"]
[EventDate "2018.09.23"]
[EventType "team-tourn"]
[EventRounds "9"]
[EventCountry "GER"]
[SourceTitle "EXT 2022"]
[Source "ChessBase"]
[SourceDate "2021.10.06"]
[SourceVersion "1"]
[SourceVersionDate "2021.10.06"]
[SourceQuality "1"]
[WhiteTeam "Sodingen/Castrop SK II"]
[BlackTeam "Hamm Koenigsspringer"]
[WhiteTeamCountry "GER"]
[BlackTeamCountry "GER"]

1. d4 e6 2. Bf4 b6 3. e3 Bb7 4. Nf3 d6 5. c4 Nd7 6. Nc3 Ngf6 7. h3 Be7 8. Be2 a6 9. 0-0 Ne4 10. Nxe4 Bxe4 11. Nd2 Bb7 12. Bf3 Ra7 13. Qa4 Qa8 14. Qc2 0-0 15. Bxb7 Qxb7 16. Nf3 Rc8 17. Rfd1 Nf6 18. Rac1 Ne4 19. d5 Nc5 20. b4 Nd7 21. Nd4 Bf6 22. dxe6 fxe6 23. Nxe6 Re8 24. Nd4 Raa8 25. Nf5 Re6 26. Qd3 Rae8 27. Qd5 Qa8 28. Qxa8 Rxa8 29. g4 a5 30. b5 Rf8 31. Kg2 g6 32. Nh6+ Kg7 33. g5 Be5 34. Bxe5+ Rxe5 35. Rd5 Re4 36. Ng4 Re7 37. Rcd1 Nc5 38. Nf6 Ne6 39. h4 h5 40. R5d2 Nc5 41. Rd4 Ref7 42. Rf4 Re7 43. Nd5 Ref7 44. Rxf7+ Rxf7 45. Rd4 a4 46. f4 Kf8 47. Kf3 Ke8 48. Nf6+ Kf8 49. e4 Re7 50. Rd2 Ne6 51. f5 gxf5 52. exf5 Ng7 53. Nh7+ Kg8 54. f6 Re5 55. g6 Ne6 56. Rd5 Re1 57. Rd2 Rg1 58. f7+ Kg7 59. Re2 Kxg6 0-1

[Event "Ruhrgebiet Regionalliga 1718"]
[Site "Germany"]
[Date "2017.12.10"]
[Round "4.3"]
[White "Dargel, Manuel"]
[Black "Huettemann, Karl Heinz"]
[Result "0-1"]
[WhiteElo "2150"]
[BlackElo "1965"]
[PlyCount "120"]
[EventDate "2017.10.01"]
[EventType "team-tourn"]
[EventRounds "9"]
[EventCountry "GER"]
[SourceTitle "EXT 2022"]
[Source "ChessBase"]
[SourceDate "2021.10.06"]
[SourceVersion "1"]
[SourceVersionDate "2021.10.06"]
[SourceQuality "1"]
[WhiteTeam "Hamm Koenigsspringer"]
[BlackTeam "Dortmund SV"]
[WhiteTeamCountry "GER"]
[BlackTeamCountry "GER"]

1. c4 Nf6 2. Nc3 e6 3. e4 d5 4. e5 d4 5. exf6 dxc3 6. bxc3 Qxf6 7. d4 Qd8 8. Nf3 Be7 9. Bd3 Nd7 10. 0-0 h6 11. Re1 0-0 12. c5 c6 13. Qe2 Nf6 14. Ne5 Bd7 15. Bd2 b6 16. cxb6 axb6 17. Qf3 c5 18. Qg3 Kh8 19. Qh3 Ng8 20. Re2 Be8 21. Be3 Ra3 22. Rc1 Ra4 23. Bb1 c4 24. Rd1 b5 25. Red2 Ra6 26. g4 f6 27. Ng6+ Bxg6 28. Bxg6 Qa8 29. Bb1 Qd5 30. Re2 f5 31. Bf4 fxg4 32. Qxg4 Nf6 33. Qh3 Qh5 34. Qxh5 Nxh5 35. Bd2 Nf4 36. Bxf4 Rxf4 37. Kg2 Kg8 38. Rde1 Kf7 39. Rb2 Rb6 40. f3 Ba3 41. Rbe2 b4 42. Kg3 g5 43. d5 exd5 44. Re7+ Kf8 45. Ra7 Rbf6 46. Ra8+ Kg7 47. Re7+ Rf7 48. Rxf7+ Kxf7 49. Ra4 bxc3 50. Rxa3 d4 51. Bc2 Ke7 52. Ra6 d3 53. Ra3 dxc2 54. Rxc3 Kd6 55. Rxc2 Kc5 56. Re2 c3 57. Re8 Kc4 58. Rc8+ Kd3 59. Rd8+ Rd4 60. Rc8 c2 0-1

[Event "Ruhrgebiet Regionalliga 1718"]
[Site "Germany"]
[Date "2017.10.22"]
[Round "2.3"]
[White "Lang, Daniel"]
[Black "Dargel, Manuel"]
[Result "1-0"]
[WhiteElo "2058"]
[BlackElo "2150"]
[PlyCount "71"]
[EventDate "2017.10.01"]
[EventType "team-tourn"]
[EventRounds "9"]
[EventCountry "GER"]
[SourceTitle "EXT 2022"]
[Source "ChessBase"]
[SourceDate "2021.10.06"]
[SourceVersion "1"]
[SourceVersionDate "2021.10.06"]
[SourceQuality "1"]
[WhiteTeam "Wattenscheid SV II"]
[BlackTeam "Hamm Koenigsspringer"]
[WhiteTeamCountry "GER"]
[BlackTeamCountry "GER"]

1. d4 e6 2. c4 b6 3. Nf3 Bb7 4. g3 f5 5. Bg2 Bb4+ 6. Bd2 Bxd2+ 7. Qxd2 Nf6 8. Nc3 Qe7 9. 0-0 d6 10. d5 e5 11. e4 fxe4 12. Ng5 0-0 13. Ne6 Rc8 14. Rfe1 Nbd7 15. Nxe4 Nxe4 16. Rxe4 Nf6 17. Ree1 c6 18. Nf4 Qd8 19. dxc6 Bxc6 20. Nd5 Kh8 21. Rad1 Nxd5 22. Bxd5 Qf8 23. Re3 Bxd5 24. Qxd5 Rd8 25. Rf3 Qe8 26. Qb7 Rab8 27. Qxa7 Kg8 28. Qc7 Qh5 29. Qc6 Rbc8 30. Rxd6 Re8 31. Qd5+ Kh8 32. Rd7 h6 33. Rff7 Rg8 34. Rxg7 Rxg7 35. Rxg7 Rf8 36. Re7 1-0

[Event "Ruhrgebiet Verbandsliga Gruppe 2 1617"]
[Site "Germany"]
[Date "2016.12.18"]
[Round "5.3"]
[White "Dargel, Manuel"]
[Black "Frohne, Gerd"]
[Result "0-1"]
[WhiteElo "2175"]
[BlackElo "2032"]
[PlyCount "120"]
[EventDate "2016.09.04"]
[EventType "team-tourn"]
[EventRounds "9"]
[EventCountry "GER"]
[SourceTitle "EXT 2022"]
[Source "ChessBase"]
[SourceDate "2021.10.06"]
[SourceVersion "1"]
[SourceVersionDate "2021.10.06"]
[SourceQuality "1"]
[WhiteTeam "Hamm Koenigsspringer"]
[BlackTeam "Gladbeck SG"]
[WhiteTeamCountry "GER"]
[BlackTeamCountry "GER"]

1. c4 e6 2. Nc3 d5 3. d4 Be7 4. Nf3 Nf6 5. Bf4 0-0 6. e3 c5 7. h3 Nc6 8. Rc1 Qa5 9. Be2 dxc4 10. 0-0 Rd8 11. Bxc4 a6 12. Qd2 b5 13. Bd3 Bb7 14. Rfd1 cxd4 15. exd4 Rac8 16. Bb1 b4 17. Ne2 Qb6 18. Qe3 a5 19. Ng5 Na7 20. Be5 h6 21. Nf3 Rxc1 22. Rxc1 Rc8 23. Rd1 Nb5 24. Ng3 Nd6 25. Qf4 a4 26. Bxf6 Bxf6 27. Nh5 Be7 28. Qg4 Ne8 29. Ne5 Bd6 30. Nd7 Qc7 31. Ndf6+ Kf8 32. Nxe8 Kxe8 33. Qxg7 Qc1 34. Qg4 Qg5 35. Bd3 Qxg4 36. Nf6+ Ke7 37. Nxg4 f5 38. Ne3 a3 39. b3 Rc3 40. Nc4 Ba6 41. Kf1 Bf4 42. Ke2 Bxc4 43. bxc4 Bc1 44. c5 b3 45. Bb1 Bg5 46. h4 bxa2 47. Bxa2 Rc2+ 48. Kd3 Rxa2 49. hxg5 hxg5 50. Ke3 Rc2 51. Rh1 Kd7 52. Rh7+ Kc6 53. Ra7 a2 54. g3 Kb5 55. f4 g4 56. d5 exd5 57. Kd4 Rc4+ 58. Kxd5 Rxc5+ 59. Kd4 Rc4+ 60. Kd5 Ra4 0-1

[Event "Ruhrgebiet Verbandsliga Gruppe 2 1617"]
[Site "Germany"]
[Date "2016.10.30"]
[Round "3.3"]
[White "Dargel, Manuel"]
[Black "Fistoul, Boris"]
[Result "1-0"]
[WhiteElo "2175"]
[BlackElo "1869"]
[PlyCount "49"]
[EventDate "2016.09.04"]
[EventType "team-tourn"]
[EventRounds "9"]
[EventCountry "GER"]
[SourceTitle "EXT 2022"]
[Source "ChessBase"]
[SourceDate "2021.10.06"]
[SourceVersion "1"]
[SourceVersionDate "2021.10.06"]
[SourceQuality "1"]
[WhiteTeam "Hamm Koenigsspringer"]
[BlackTeam "Bochum SG III"]
[WhiteTeamCountry "GER"]
[BlackTeamCountry "GER"]

1. c4 e6 2. Nc3 f5 3. g4 fxg4 4. e4 Qh4 5. d4 Bb4 6. Bg2 Nf6 7. Bf4 Nh5 8. Be3 0-0 9. Qd2 Bxc3 10. bxc3 Qf6 11. Ne2 g5 12. e5 Qf7 13. Be4 d5 14. Bd3 Nf4 15. 0-0-0 dxc4 16. Bxc4 b5 17. Bb3 Bb7 18. Rhg1 Nxe2+ 19. Qxe2 Bf3 20. Qxb5 Nc6 21. d5 Qe7 22. Qxc6 Qa3+ 23. Kb1 Bxd5 24. Rxd5 exd5 25. Qxd5+ 1-0

[Event "Ruhrgebiet Regionalliga 1415"]
[Site "Germany"]
[Date "2015.01.25"]
[Round "5.4"]
[White "Dargel, Manuel"]
[Black "Kuipers, Dustin"]
[Result "1-0"]
[WhiteElo "2169"]
[BlackElo "2042"]
[PlyCount "47"]
[EventDate "2014.09.28"]
[EventType "team-tourn"]
[EventRounds "9"]
[EventCountry "GER"]
[SourceTitle "EXT 2022"]
[Source "ChessBase"]
[SourceDate "2021.10.06"]
[SourceVersion "1"]
[SourceVersionDate "2021.10.06"]
[SourceQuality "1"]
[WhiteTeam "Hamm Koenigsspringer"]
[BlackTeam "Muelheim Nord III"]
[WhiteTeamCountry "GER"]
[BlackTeamCountry "GER"]

1. c4 e6 2. Nc3 d5 3. d4 Be7 4. Nf3 Nf6 5. Bf4 0-0 6. e3 a6 7. Rc1 dxc4 8. Bxc4 c5 9. 0-0 Nc6 10. a3 cxd4 11. exd4 b5 12. Ba2 Bb7 13. Re1 b4 14. Na4 bxa3 15. bxa3 Bxa3 16. Rb1 Bb4 17. Nc5 Ra7 18. Qa4 Bxe1 19. Nxb7 Rxb7 20. Rxb7 Na5 21. Rb8 Qd7 22. Rxf8+ Kxf8 23. Qxd7 Nxd7 24. Bd6+ 1-0

[Event "Ruhrgebiet Regionalliga 1314"]
[Site "Ruhrgebiet"]
[Date "2014.03.23"]
[Round "8.4"]
[White "Kuipers, Dustin"]
[Black "Dargel, Manuel"]
[Result "0-1"]
[WhiteElo "2021"]
[BlackElo "2180"]
[PlyCount "64"]
[EventDate "2013.09.22"]
[EventType "team-tourn"]
[EventRounds "9"]
[EventCountry "GER"]
[SourceTitle "EXT 2024"]
[Source "ChessBase"]
[SourceDate "2023.10.10"]
[SourceVersion "1"]
[SourceVersionDate "2023.10.10"]
[SourceQuality "1"]
[WhiteTeam "Muelheim Nord III"]
[BlackTeam "Koenigsspringer Hamm"]
[WhiteTeamCountry "GER"]
[BlackTeamCountry "GER"]

1. Nf3 e6 2. g3 c5 3. c4 Nc6 4. Bg2 Nf6 5. 0-0 Be7 6. e3 0-0 7. d4 d5 8. cxd5 exd5 9. a3 c4 10. Nc3 Bg4 11. h3 Bf5 12. Ne5 Na5 13. g4 Nb3 14. Ra2 Be6 15. f4 Ne4 16. Nxe4 dxe4 17. Bxe4 f6 18. Nf3 Rc8 19. Bc2 Qb6 20. Bb1 Rfd8 21. Bd2 Nxd2 22. Qxd2 c3 23. bxc3 Bxa2 24. Qxa2+ Kh8 25. Qf7 Rc7 26. Qh5 g6 27. Bxg6 Bxa3 28. Nh4 Qe6 29. e4 Rg8 30. d5 Bc5+ 31. Kg2 Qa6 32. Bf7 Qe2+ 0-1

[Event "Ruhrgebiet Regionalliga 1314"]
[Site "Ruhrgebiet"]
[Date "2013.10.20"]
[Round "2.3"]
[White "Schorra, Helmut"]
[Black "Dargel, Manuel"]
[Result "1/2-1/2"]
[WhiteElo "2059"]
[BlackElo "2180"]
[PlyCount "94"]
[EventDate "2013.09.22"]
[EventType "team-tourn"]
[EventRounds "9"]
[EventCountry "GER"]
[SourceTitle "EXT 2024"]
[Source "ChessBase"]
[SourceDate "2023.10.10"]
[SourceVersion "1"]
[SourceVersionDate "2023.10.10"]
[SourceQuality "1"]
[WhiteTeam "Buer"]
[BlackTeam "Koenigsspringer Hamm"]
[WhiteTeamCountry "GER"]
[BlackTeamCountry "GER"]

1. c4 e6 2. g3 d5 3. Bg2 Nf6 4. Nf3 c6 5. d4 Bb4+ 6. Bd2 Be7 7. b3 Ne4 8. 0-0 0-0 9. Qc2 Na6 10. Rd1 Bd7 11. Be1 Rc8 12. Ne5 f5 13. f3 Nf6 14. c5 Qc7 15. Nd3 Be8 16. b4 Nb8 17. Nc3 Bg6 18. Bd2 Rce8 19. Bf4 Qc8 20. Ne5 Nbd7 21. Nxg6 hxg6 22. e4 Nh5 23. Bd6 Bxd6 24. cxd6 dxe4 25. fxe4 e5 26. exf5 gxf5 27. dxe5 Rxe5 28. Rac1 Qe8 29. Bf1 Rf6 30. Bc4+ Kh8 31. Qf2 Rg6 32. Ne2 Rg4 33. Bd3 f4 34. Qf3 Reg5 35. Bf5 Rh4 36. g4 Ne5 37. Qe4 Nf6 38. d7 Rgxg4+ 39. Bxg4 Rxg4+ 40. Kh1 Nfxd7 41. Rxd7 f3 42. Nf4 Qxd7 43. Qxe5 f2 44. h3 Qd2 45. Qh5+ Kg8 46. Qe8+ Kh7 47. Qh5+ Kg8 1/2-1/2